[Event "RUS-ch U20 Girls"]
[Site "Ekaterinburg"]
[Date "2024.04.14"]
[Round "8"]
[White "Shubenkova, Veronika"]
[Black "Mikheeva, Galina"]
[Result "1/2-1/2"]
[WhiteElo "2113"]
[BlackElo "2027"]
[PlyCount "64"]
[EventDate "2024.04.07"]
[EventType "tourn"]
[EventRounds "9"]
[EventCountry "RUS"]
[SourceTitle "CB16_2024"]
[SourceDate "2024.04.17"]
[SourceVersion "1"]
[SourceVersionDate "2024.04.17"]
[SourceQuality "1"]

1. c4 e6 2. Nc3 d5 3. d4 Nf6 4. Bg5 Be7 5. e3 Nbd7 6. cxd5 exd5 7. Bd3 0-0 8. Nf3 Re8 9. 0-0 c6 10. Qc2 Nf8 11. a3 Ng6 12. Bxf6 Bxf6 13. b4 a6 14. Na4 Nf8 15. Nc5 g6 16. Ra2 Qd6 17. Rb1 Ne6 18. a4 Re7 19. Nd2 Nc7 20. Qc3 Bg7 21. Rc1 h5 22. Ncb3 Ne6 23. Nc5 Nc7 24. Rcc2 h4 25. Ncb3 h3 26. g3 Bg4 27. Nc5 Rb8 28. Nf1 Bf3 29. Nd2 Bg4 30. Nf1 Bf3 31. Nd2 Bg4 32. Nf1 Bf3 1/2-1/2

[Event "Titled Tuesday intern op 12th Mar Early"]
[Site "Chess.com INT"]
[Date "2024.03.12"]
[Round "6"]
[White "Mikheeva, Galina"]
[Black "Buchenau, Frank"]
[Result "1-0"]
[WhiteElo "2035"]
[BlackElo "2175"]
[PlyCount "81"]
[EventDate "2024.03.12"]
[EventType "swiss (blitz)"]
[EventRounds "11"]
[EventCountry "USA"]
[SourceTitle "CB12_2024"]
[SourceDate "2023.10.01"]
[SourceVersion "1"]
[SourceVersionDate "2023.10.01"]
[SourceQuality "1"]

1. e4 e6 2. d4 d5 3. exd5 exd5 4. c4 Nf6 5. Nc3 Bb4 6. Nf3 0-0 7. Bd3 dxc4 8. Bxc4 Re8+ 9. Be3 Nd5 10. 0-0 Bxc3 11. bxc3 Rxe3 12. fxe3 Nxe3 13. Bxf7+ Kxf7 14. Ne5+ Kg8 15. Qb3+ Qd5 16. Rf3 Qxb3 17. axb3 Nd5 18. Raf1 Nf6 19. g4 h6 20. h4 Nbd7 21. g5 Nxe5 22. dxe5 Bg4 23. Rf4 Bh3 24. exf6 Bxf1 25. Kxf1 hxg5 26. hxg5 gxf6 27. gxf6 Kf7 28. Ke2 Rd8 29. Rc4 c6 30. Ra4 a6 31. Rf4 Rd6 32. Ke3 Rxf6 33. Rh4 Re6+ 34. Kd4 Rd6+ 35. Kc4 Ke6 36. Rh6+ Ke5 37. Rh5+ Ke4 38. Rh4+ Ke3 39. Rh3+ Kd2 40. Rh7 b5+ 41. Kb4 1-0

[Event "Titled Tuesday intern op 12th Mar Early"]
[Site "Chess.com INT"]
[Date "2024.03.12"]
[Round "9"]
[White "Mikheeva, Galina"]
[Black "Otero Marino, Alain"]
[Result "1/2-1/2"]
[WhiteElo "2035"]
[BlackElo "2250"]
[PlyCount "186"]
[EventDate "2024.03.12"]
[EventType "swiss (blitz)"]
[EventRounds "11"]
[EventCountry "USA"]
[SourceTitle "CB12_2024"]
[SourceDate "2023.10.01"]
[SourceVersion "1"]
[SourceVersionDate "2023.10.01"]
[SourceQuality "1"]

1. e4 c6 2. d4 d5 3. exd5 cxd5 4. c4 Nf6 5. Nc3 Nc6 6. Nf3 Bg4 7. Be3 e6 8. Bd3 dxc4 9. Bxc4 Bd6 10. 0-0 0-0 11. Be2 a6 12. h3 Bh5 13. a3 Rc8 14. Qd2 Bb8 15. Rac1 Qd6 16. g3 Rfd8 17. Rfd1 Ba7 18. g4 Bg6 19. Qe1 Bb8 20. Qf1 Nd5 21. Nxd5 Qxd5 22. Rc5 Qd6 23. d5 exd5 24. Rcxd5 Qxd5 25. Rxd5 Rxd5 26. Bc4 Rd7 27. Nh4 Rcd8 28. Qe2 Be4 29. f3 Rd1+ 30. Kg2 Bb1 31. Bg5 Be5 32. Bxd8 Rxd8 33. Nf5 Bxf5 34. gxf5 Bf4 35. Bd5 h5 36. Qe4 Bg5 37. h4 Bf6 38. Bxc6 bxc6 39. b4 Rd2+ 40. Kf1 Ra2 41. Qe8+ Kh7 42. Qxf7 Rxa3 43. Qxh5+ Kg8 44. Qe8+ Kh7 45. Qxc6 Rb3 46. Qxa6 Rxb4 47. h5 Rh4 48. Qe6 Rxh5 49. Qf7 Rxf5 50. Kg2 Rg5+ 51. Kf2 Re5 52. Qd7 Rh5 53. Qg4 g6 54. Qd7+ Bg7 55. Ke3 Rf5 56. Ke4 Re5+ 57. Kf4 Rc5 58. Kg4 Kh6 59. Qe7 Rf5 60. f4 Kh7 61. Qh4+ Kg8 62. Qd8+ Rf8 63. Qd5+ Kh7 64. Qe6 Rf6 65. Qe8 Bh6 66. Qe7+ Bg7 67. Qb7 Rd6 68. Qh1+ Kg8 69. Qa8+ Bf8 70. Qb7 Rf6 71. Qd5+ Rf7 72. Qe6 Kg7 73. Qe5+ Rf6 74. Qc7+ Kg8 75. Qe5 Bg7 76. Qe8+ Kh7 77. Qd7 Ra6 78. f5 Rf6 79. fxg6+ Rxg6+ 80. Kf5 Rf6+ 81. Ke4 Rh6 82. Qf5+ Kg8 83. Qc8+ Kh7 84. Qf5+ Kg8 85. Qc8+ Kf7 86. Qf5+ Bf6 87. Qd7+ Kg6 88. Qf5+ Kg7 89. Qd7+ Kf8 90. Qc8+ Kf7 91. Qd7+ Kg6 92. Qe8+ Kg7 93. Qd7+ Kg6 1/2-1/2

[Event "Titled Tuesday intern op 12th Mar Early"]
[Site "Chess.com INT"]
[Date "2024.03.12"]
[Round "1"]
[White "Mikheeva, Galina"]
[Black "Ovetchkin, Roman"]
[Result "0-1"]
[WhiteElo "2035"]
[BlackElo "2518"]
[PlyCount "82"]
[EventDate "2024.03.12"]
[EventType "swiss (blitz)"]
[EventRounds "11"]
[EventCountry "USA"]
[SourceTitle "CB12_2024"]
[SourceDate "2023.10.01"]
[SourceVersion "1"]
[SourceVersionDate "2023.10.01"]
[SourceQuality "1"]

1. e4 c6 2. d4 d5 3. exd5 cxd5 4. c4 Nf6 5. Nc3 g6 6. Nf3 Bg7 7. Bd3 0-0 8. 0-0 Nc6 9. h3 dxc4 10. Bxc4 Na5 11. Bd3 Be6 12. Bf4 Nd5 13. Be5 Rc8 14. Bxg7 Kxg7 15. Ne4 Bf5 16. Nc5 Bxd3 17. Qxd3 b6 18. Ne4 Nc4 19. Rab1 Nf4 20. Qd1 Qd5 21. Re1 Rfd8 22. Nc3 Qb7 23. Qb3 Rxd4 24. Nb5 Rd3 25. Qb4 Nd5 26. Qa4 a6 27. Nbd4 b5 28. Qc2 Nf4 29. b4 Rxd4 30. Rxe7 Qxe7 31. Nxd4 Nxg2 32. Qc3 Qf6 33. Kxg2 Nd6 34. Qd3 Rc4 35. Nf3 Rc3 36. Qe2 Nf5 37. Kg1 Nd4 38. Nxd4 Qxd4 39. Qe1 Rxh3 40. Kg2 Qg4+ 41. Kf1 Rh1# 0-1

[Event "Khanty-Mansiysk TOP 28 Rapid GP (Women)"]
[Site "Khanty-Mansiysk"]
[Date "2023.12.02"]
[Round "8"]
[White "Mikheeva, Galina"]
[Black "Yurasova, Daria"]
[Result "1/2-1/2"]
[WhiteElo "2066"]
[BlackElo "2023"]
[PlyCount "170"]
[EventDate "2023.12.01"]
[EventType "tourn (rapid)"]
[EventRounds "13"]
[EventCountry "RUS"]
[SourceTitle "CB49_2023"]
[SourceDate "2023.12.06"]
[SourceVersion "1"]
[SourceVersionDate "2023.12.06"]
[SourceQuality "1"]

1. e4 e5 2. Nf3 Nc6 3. Bc4 Bc5 4. d3 Nf6 5. Nc3 d6 6. Na4 a6 7. Nxc5 dxc5 8. a4 Bg4 9. h3 Bh5 10. Be3 Qd6 11. Qe2 0-0 12. g4 Bg6 13. h4 b5 14. Ba2 h5 15. g5 Nd7 16. Bd5 Rab8 17. axb5 axb5 18. Ra6 Rb6 19. Rxb6 cxb6 20. 0-0 Nb4 21. Bb3 c4 22. dxc4 Qe6 23. Nd2 bxc4 24. Bxc4 Qh3 25. Rc1 Qxh4 26. f3 Nc5 27. Kg2 Nxe4 28. Nxe4 Bxe4 29. fxe4 Qxe4+ 30. Kg1 Rc8 31. b3 b5 32. Bxb5 Na2 33. Qd3 Qg4+ 34. Kf2 Qh4+ 35. Kg2 Qg4+ 36. Kf2 e4 37. Qe2 Qf5+ 38. Kg2 Nc3 39. Qf2 Qxb5 40. Rf1 Qd7 41. Qf5 Qxf5 42. Rxf5 Nd1 43. Bc5 e3 44. Kf3 h4 45. Ke2 h3 46. Kxd1 h2 47. Rf1 Rxc5 48. Rh1 Rd5+ 49. Ke2 Rd2+ 50. Kxe3 Rxc2 51. Kf4 Rb2 52. Kf5 g6+ 53. Kf4 Kf8 54. Kg3 Ke7 55. Rxh2 Rxb3+ 56. Kf4 Rb4+ 57. Kg3 Re4 58. Rf2 Ra4 59. Rf6 Ra1 60. Kg4 Rg1+ 61. Kh4 Re1 62. Kg4 Re6 63. Rf4 Ra6 64. Re4+ Kd6 65. Rf4 Ra7 66. Rb4 Ke5 67. Rb5+ Kd4 68. Rb4+ Kc3 69. Rf4 Rd7 70. Rf1 Kd2 71. Rf6 Ke3 72. Rf3+ Ke4 73. Rf1 Ke3 74. Rf3+ Ke2 75. Rf6 Re7 76. Kg3 Ke3 77. Kg4 Rc7 78. Rf3+ Ke2 79. Rf6 Rd7 80. Kg3 Kd3 81. Kg4 Re7 82. Kg3 Ke4 83. Kg4 Kd5 84. Kg3 Re3+ 85. Kg4 Re7 1/2-1/2

[Event "Khanty-Mansiysk TOP 28 Rapid GP (Women)"]
[Site "Khanty-Mansiysk"]
[Date "2023.12.01"]
[Round "5"]
[White "Semenova, Elena"]
[Black "Mikheeva, Galina"]
[Result "1/2-1/2"]
[WhiteElo "2269"]
[BlackElo "2066"]
[PlyCount "62"]
[EventDate "2023.12.01"]
[EventType "tourn (rapid)"]
[EventRounds "13"]
[EventCountry "RUS"]
[SourceTitle "CB49_2023"]
[SourceDate "2023.12.06"]
[SourceVersion "1"]
[SourceVersionDate "2023.12.06"]
[SourceQuality "1"]

1. e4 e5 2. Nf3 Nc6 3. Nc3 Nf6 4. Bb5 Bb4 5. 0-0 0-0 6. Bxc6 dxc6 7. d3 Qe7 8. Ne2 Bg4 9. Ng3 Nh5 10. h3 Nxg3 11. fxg3 Bxf3 12. Qxf3 Rad8 13. Qe2 Qe6 14. Be3 Rd7 15. Rf5 Rfd8 16. a3 Bf8 17. a4 c5 18. b3 a6 19. Qf2 b6 20. a5 Ra8 21. g4 Be7 22. Rf1 Rf8 23. Qg3 Bd6 24. Qf2 f6 25. g5 Rdf7 26. gxf6 Rxf6 27. Bg5 R6f7 28. Rxf7 Rxf7 29. Qxf7+ Qxf7 30. Rxf7 Kxf7 31. Kf2 b5 1/2-1/2

[Event "RUS-ch Rapid (Women)"]
[Site "Sochi"]
[Date "2023.10.16"]
[Round "7"]
[White "Mikheeva, Galina"]
[Black "Khlichkova, Tatiana"]
[Result "0-1"]
[WhiteElo "1955"]
[BlackElo "2196"]
[PlyCount "131"]
[EventDate "2023.10.15"]
[EventType "swiss (rapid)"]
[EventRounds "11"]
[EventCountry "RUS"]
[SourceTitle "Mega2024 Update 01"]
[Source "Chessbase"]
[SourceDate "2023.11.12"]
[SourceVersion "1"]
[SourceVersionDate "2023.11.12"]
[SourceQuality "1"]

1. e4 e6 2. d4 d5 3. exd5 exd5 4. c4 Nf6 5. Nc3 Be7 6. Nf3 0-0 7. Be2 Nbd7 8. 0-0 dxc4 9. Bxc4 Nb6 10. Bb3 Bg4 11. Be3 c6 12. h3 Bh5 13. g4 Bg6 14. Ne5 Nfd5 15. Qf3 Bf6 16. Rad1 Re8 17. Bf4 a5 18. a4 Nxf4 19. Qxf4 Bxe5 20. dxe5 Qe7 21. Rfe1 Qb4 22. Qxb4 axb4 23. Na2 Nxa4 24. Nxb4 Nc5 25. Bc2 Bxc2 26. Nxc2 Ra2 27. Rb1 Nd3 28. Re3 Rxb2 29. Rxb2 Nxb2 30. Rb3 Nc4 31. Rxb7 Nxe5 32. Rc7 h5 33. Nd4 hxg4 34. hxg4 Nxg4 35. Rxc6 g6 36. Kg2 Kg7 37. Rc2 Nf6 38. Kf3 Nd7 39. Rc7 Ne5+ 40. Kg3 Kf6 41. Nf3 Nd3 42. Rc3 Nb4 43. Rc4 Nd5 44. Rd4 Ne7 45. Rd6+ Kg7 46. Nd4 Ng8 47. Kf3 Nf6 48. Ra6 Rd8 49. Ra4 Rd7 50. Kg2 Nd5 51. Nf3 f6 52. Kg3 Ne7 53. Ra6 g5 54. Rb6 Rd3 55. Kg2 Kg6 56. Ra6 Rd5 57. Nh2 g4 58. Ra3 Rd4 59. Nf1 Kg5 60. Kg1 f5 61. Ne3 Rb4 62. Ra1 Rb5 63. Nf1 f4 64. Nh2 Rd5 65. Rb1 Rc5 66. Rd1 0-1

[Event "Wch U20 Girls 39th"]
[Site "Mexico City"]
[Date "2023.09.27"]
[Round "7"]
[White "Mikheeva, Galina"]
[Black "Velarde Hernandez, Paulina Yunuen"]
[Result "1-0"]
[WhiteElo "1969"]
[BlackElo "1557"]
[PlyCount "109"]
[EventDate "2023.09.21"]
[EventType "swiss"]
[EventRounds "11"]
[EventCountry "MEX"]
[SourceTitle "EXT 2024"]
[Source "ChessBase"]
[SourceDate "2023.10.10"]
[SourceVersion "1"]
[SourceVersionDate "2023.10.10"]
[SourceQuality "1"]

1. e4 d5 2. exd5 Qxd5 3. Nc3 Qa5 4. Bc4 Nf6 5. d3 Bf5 6. Nf3 e6 7. Qe2 c6 8. Bd2 Qc7 9. h3 Be7 10. g4 Bg6 11. 0-0-0 Nbd7 12. Rde1 b5 13. Bb3 0-0-0 14. Ne5 Nxe5 15. Qxe5 Bd6 16. Qe3 a6 17. f4 Nd5 18. Nxd5 cxd5 19. Qf3 Bxd3 20. Qxd3 Bxf4 21. Rhf1 Bxd2+ 22. Qxd2 Rd7 23. Qd4 Rg8 24. Re3 Qd6 25. Rc3+ Kb7 26. a4 e5 27. Qc5 Qxc5 28. Rxc5 Rgd8 29. Rd1 Kb6 30. Rcxd5 Rxd5 31. Rxd5 Rxd5 32. Bxd5 f6 33. axb5 axb5 34. Kd2 Kc5 35. Be4 h5 36. Kc3 b4+ 37. Kd3 Kb5 38. gxh5 Kc5 39. Bg6 Kb5 40. Ke4 Kc4 41. Bf7+ Kc5 42. Bg8 Kc6 43. Bc4 Kc5 44. Bb3 Kd6 45. Kf5 Ke7 46. Kg6 Kf8 47. Bd5 e4 48. Bxe4 f5 49. Bxf5 Kg8 50. c3 b3 51. c4 Kh8 52. c5 Kg8 53. c6 Kh8 54. c7 Kg8 55. c8R# 1-0

[Event "Satka Autumn (Women)"]
[Site "Satka"]
[Date "2023.09.01"]
[Round "4"]
[White "Zhapova, Yana"]
[Black "Mikheeva, Galina"]
[Result "1/2-1/2"]
[WhiteElo "2110"]
[BlackElo "1969"]
[PlyCount "58"]
[EventDate "2023.08.29"]
[EventType "swiss"]
[EventRounds "9"]
[EventCountry "RUS"]
[SourceTitle "EXT 2024"]
[Source "ChessBase"]
[SourceDate "2023.10.10"]
[SourceVersion "1"]
[SourceVersionDate "2023.10.10"]
[SourceQuality "1"]

1. e4 e5 2. Nf3 Nc6 3. Bb5 Nf6 4. d3 Bc5 5. Bxc6 dxc6 6. 0-0 Qe7 7. Nbd2 Bg4 8. h3 Bh5 9. a3 0-0-0 10. b4 Bd4 11. Rb1 Bc3 12. b5 cxb5 13. Rxb5 Qd7 14. Rb3 Bxd2 15. Bxd2 Nxe4 16. dxe4 Bxf3 17. Qxf3 Qxd2 18. Qf5+ Qd7 19. Qxe5 f6 20. Qa5 Kb8 21. Qa6 Qc8 22. Rfb1 b6 23. Qc4 Rhe8 24. Rd3 Rxd3 25. cxd3 Qe6 26. Qc3 Qe5 27. Qc4 Qe6 28. Qc3 Qe5 29. Qc4 Qe6 1/2-1/2

[Event "Titled Tuesday intern op 25th Jul Early"]
[Site "Chess.com INT"]
[Date "2023.07.25"]
[Round "3"]
[White "Mikheeva, Galina"]
[Black "Rodriguez Santiago, Jaime"]
[Result "0-1"]
[WhiteElo "1979"]
[BlackElo "2020"]
[PlyCount "74"]
[EventDate "2023.07.25"]
[EventType "swiss (blitz)"]
[EventRounds "11"]
[EventCountry "USA"]
[SourceTitle "EXT 2024"]
[Source "ChessBase"]
[SourceDate "2023.10.10"]
[SourceVersion "1"]
[SourceVersionDate "2023.10.10"]
[SourceQuality "1"]

1. e4 c6 2. Nf3 d5 3. exd5 cxd5 4. Ne5 Nf6 5. d4 g6 6. Bb5+ Nbd7 7. 0-0 Bg7 8. Bf4 0-0 9. Bxd7 Nxd7 10. Re1 Nxe5 11. Bxe5 f6 12. Bg3 Re8 13. Nc3 Bf5 14. Rc1 Rc8 15. Qf3 e6 16. Re2 a6 17. Rce1 Qd7 18. h3 b5 19. a3 a5 20. b4 axb4 21. axb4 h5 22. Bh2 Rc4 23. g3 Rec8 24. Re3 Rxd4 25. Ne2 Rxb4 26. Nf4 d4 27. Ra3 Qc6 28. Qxc6 Rxc6 29. Ra8+ Kh7 30. Kg2 e5 31. Nd5 Rb2 32. Ra7 Kh6 33. g4 hxg4 34. hxg4 Bxg4 35. Bg3 Rcxc2 36. Rh1+ Bh5 37. Rf7 Rb3 0-1

[Event "Titled Tuesday intern op 25th Jul Early"]
[Site "Chess.com INT"]
[Date "2023.07.25"]
[Round "2"]
[White "Pullela, Sricharan"]
[Black "Mikheeva, Galina"]
[Result "1-0"]
[WhiteElo "2104"]
[BlackElo "1979"]
[PlyCount "87"]
[EventDate "2023.07.25"]
[EventType "swiss (blitz)"]
[EventRounds "11"]
[EventCountry "USA"]
[SourceTitle "EXT 2024"]
[Source "ChessBase"]
[SourceDate "2023.10.10"]
[SourceVersion "1"]
[SourceVersionDate "2023.10.10"]
[SourceQuality "1"]

1. d4 Nf6 2. Bg5 Ne4 3. Bf4 d5 4. Nd2 Bf5 5. e3 e6 6. Ngf3 Bd6 7. Bxd6 Qxd6 8. Bd3 Nd7 9. 0-0 Nxd2 10. Qxd2 Bxd3 11. Qxd3 0-0 12. c4 c5 13. cxd5 Qxd5 14. e4 Qd6 15. Rfd1 cxd4 16. Qxd4 Qxd4 17. Rxd4 Nc5 18. Rc4 b6 19. Kf1 Rfd8 20. Ke2 f6 21. b4 Na4 22. Rac1 Rd7 23. e5 Kf7 24. exf6 gxf6 25. R1c2 Rad8 26. Rc7 Ke8 27. h4 Rxc7 28. Rxc7 Rd7 29. Rc8+ Kf7 30. g4 h6 31. h5 Nb2 32. Rc2 Nd3 33. a3 Nf4+ 34. Ke3 Nd5+ 35. Ke4 Ne7 36. Nd4 e5 37. Nf5 Nxf5 38. Kxf5 Kg7 39. Rc6 Rf7 40. b5 Rf8 41. Rc7+ Rf7 42. Rxf7+ Kxf7 43. f3 Kg7 44. Ke6 1-0

[Event "Barnaul Kura Memorial"]
[Site "Barnaul"]
[Date "2023.02.26"]
[Round "9"]
[White "Belyikh, Alexander"]
[Black "Mikheeva, Galina"]
[Result "1/2-1/2"]
[WhiteElo "1961"]
[BlackElo "1969"]
[PlyCount "172"]
[EventDate "2023.02.25"]
[EventType "swiss (rapid)"]
[EventRounds "11"]
[EventCountry "RUS"]
[SourceTitle "CBM 213 Extra"]
[Source "ChessBase"]
[SourceDate "2023.05.31"]
[SourceVersion "1"]
[SourceVersionDate "2023.05.31"]
[SourceQuality "1"]

1. e4 e5 2. Nf3 Nc6 3. Bc4 Bc5 4. c3 Nf6 5. d4 exd4 6. cxd4 Bb4+ 7. Nc3 Nxe4 8. 0-0 Bxc3 9. d5 Ne5 10. bxc3 Nxc4 11. Qd4 0-0 12. Qxe4 Nd6 13. Qf4 Ne8 14. d6 cxd6 15. Ba3 Qf6 16. Qxf6 Nxf6 17. Nd4 b6 18. Nf5 Ba6 19. Rfe1 Rfe8 20. Ne7+ Kh8 21. Bxd6 Bc4 22. a4 a5 23. h3 b5 24. axb5 Bxb5 25. g4 a4 26. Re5 Bd3 27. Ba3 Ng8 28. Rae1 Nxe7 29. Rxe7 Rxe7 30. Rxe7 Bb5 31. Rxf7 Kg8 32. Rf5 Bc4 33. Rc5 d5 34. f4 Rb8 35. Bb4 Bb3 36. Ba3 Bc4 37. Bb4 Bb3 38. Ba3 Ba2 39. Ra5 Bb3 40. Rc5 Rb7 41. Kf2 Bc4 42. Bb4 Ra7 43. Ba3 Rb7 44. Bb4 Ra7 45. Ba3 Rb7 46. Ra5 Bb3 47. Rc5 Kf7 48. Ke3 Re7+ 49. Kf2 Rd7 50. Ke3 Re7+ 51. Kf2 Rd7 52. Ke3 Re7+ 53. Kf2 Rb7 54. Ke3 Re7+ 55. Kf2 Re4 56. Rc7+ Kf6 57. Rc6+ Kf7 58. Rc7+ Kf6 59. Rc6+ Kf7 60. Rc7+ Kf6 61. Rc6+ Kf7 62. Rc7+ Kf6 63. Rc6+ Re6 64. Rxe6+ Kxe6 65. Ke3 Bc4 66. Kf2 g6 67. Ke3 Bf1 68. h4 Bh3 69. Kf3 Bf1 70. Kf2 Bc4 71. Ke3 Kf6 72. Kd4 h5 73. gxh5 gxh5 74. Ke3 Kf5 75. Bd6 Kg4 76. Be7 Bb3 77. Kd2 Kxf4 78. Kc1 Ke4 79. Kb2 Kd3 80. Bf6 Bd1 81. Ka3 Kd2 82. Be5 Kc1 83. Bf6 Bb3 84. Be5 Kc2 85. Bf6 Kd3 86. Bg7 Bc2 1/2-1/2

[Event "Cheliabinsk Lozovatsky Memorial-B"]
[Site "Cheliabinsk"]
[Date "2023.02.05"]
[Round "10"]
[White "Solozhenkina, Elizaveta"]
[Black "Mikheeva, Galina"]
[Result "0-1"]
[WhiteElo "2286"]
[BlackElo "1969"]
[PlyCount "80"]
[EventDate "2023.01.27"]
[EventType "swiss"]
[EventRounds "10"]
[EventCountry "RUS"]
[SourceTitle "CBM 212 Extra"]
[Source "ChessBase"]
[SourceDate "2023.03.31"]
[SourceVersion "1"]
[SourceVersionDate "2023.03.31"]
[SourceQuality "1"]

1. Nf3 d5 2. g3 Nd7 3. d4 Nb6 4. Bg2 Bf5 5. 0-0 e6 6. Nbd2 Be7 7. c4 c6 8. Qb3 Qc7 9. Re1 Nf6 10. Ne5 0-0 11. e4 dxe4 12. Nxe4 Nxe4 13. Bxe4 Bxe4 14. Rxe4 Rad8 15. Nf3 c5 16. Bf4 Bd6 17. dxc5 Qxc5 18. Bg5 Rc8 19. Rd1 Be7 20. Be3 Qc6 21. Nd2 Rfd8 22. Qc2 Nd5 23. Nf1 Nb4 24. Rxd8+ Rxd8 25. Qb1 Nxa2 26. c5 a5 27. Nd2 Nb4 28. Nc4 Nd3 29. Rd4 Rxd4 30. Bxd4 Qe4 31. Ne5 Qxd4 32. Nxd3 Bxc5 33. Qc2 b6 34. h4 h5 35. Nf4 g6 36. Kg2 Kg7 37. b3 b5 38. Nd3 Bb6 39. Nf4 a4 40. bxa4 bxa4 0-1

[Event "Cheliabinsk Lozovatsky Memorial-B"]
[Site "Cheliabinsk"]
[Date "2023.02.01"]
[Round "6"]
[White "Mikheeva, Galina"]
[Black "Loskutova, Viktoriya"]
[Result "1/2-1/2"]
[WhiteElo "1969"]
[BlackElo "2146"]
[PlyCount "81"]
[EventDate "2023.01.27"]
[EventType "swiss"]
[EventRounds "10"]
[EventCountry "RUS"]
[SourceTitle "CBM 212 Extra"]
[Source "ChessBase"]
[SourceDate "2023.03.31"]
[SourceVersion "1"]
[SourceVersionDate "2023.03.31"]
[SourceQuality "1"]

1. e4 c5 2. Nf3 e6 3. b3 b6 4. Bb2 Bb7 5. Nc3 Nc6 6. d4 cxd4 7. Nxd4 a6 8. Be2 Qc7 9. 0-0 Nf6 10. Nxc6 Bxc6 11. Bf3 Bd6 12. h3 Be5 13. Qd3 Rc8 14. Nd1 b5 15. Bd4 Bb7 16. Rc1 Qd6 17. Bb2 Qxd3 18. cxd3 Rxc1 19. Bxc1 d5 20. Re1 Bd4 21. Bg5 Kd7 22. Ne3 Bxe3 23. Rxe3 d4 24. Re1 Rc8 25. Rc1 Rxc1+ 26. Bxc1 e5 27. b4 Kd6 28. Kf1 Bc8 29. Bd1 Be6 30. a3 Nd7 31. g4 f6 32. f3 h5 33. h4 Bf7 34. Kf2 Nf8 35. f4 Ng6 36. Kg3 hxg4 37. f5 Ne7 38. Kxg4 Ng8 39. h5 Ba2 40. Bc2 Ke7 41. Bd2 1/2-1/2

[Event "Cheliabinsk Lozovatsky Memorial-B"]
[Site "Cheliabinsk"]
[Date "2023.01.28"]
[Round "2"]
[White "Prudnikova, Svetlana"]
[Black "Mikheeva, Galina"]
[Result "0-1"]
[WhiteElo "2146"]
[BlackElo "1969"]
[PlyCount "46"]
[EventDate "2023.01.27"]
[EventType "swiss"]
[EventRounds "10"]
[EventCountry "RUS"]
[SourceTitle "CBM 212 Extra"]
[Source "ChessBase"]
[SourceDate "2023.03.31"]
[SourceVersion "1"]
[SourceVersionDate "2023.03.31"]
[SourceQuality "1"]

1. Nf3 d5 2. d4 Nf6 3. c4 e6 4. g3 dxc4 5. Bg2 Nc6 6. Qa4 Bb4+ 7. Bd2 Nd5 8. Bxb4 Ndxb4 9. 0-0 Rb8 10. Nc3 Bd7 11. a3 b5 12. Nxb5 Nd5 13. Nc3 Rxb2 14. Qxc4 Na5 15. Qd3 Rb3 16. Rfc1 c5 17. Ne5 Bb5 18. Qf3 0-0 19. dxc5 f6 20. Nxd5 Rxf3 21. Nxf3 Qxd5 22. e3 Bc6 23. Nh4 Qh5 0-1

[Event "Wch Blitz (Women)"]
[Site "Almaty"]
[Date "2022.12.29"]
[Round "5"]
[White "Balajayeva, Khanim Asad Qizi"]
[Black "Mikheeva, Galina"]
[Result "1-0"]
[WhiteElo "2284"]
[BlackElo "1969"]
[PlyCount "44"]
[EventDate "2022.12.29"]
[EventType "swiss (blitz)"]
[EventRounds "17"]
[EventCountry "KAZ"]
[SourceTitle "CBM 211 Extra"]
[Source "ChessBase"]
[SourceDate "2023.01.31"]
[SourceVersion "1"]
[SourceVersionDate "2023.01.31"]
[SourceQuality "1"]

1. e4 e5 2. Nf3 Nc6 3. Nc3 Nf6 4. a3 d5 5. Bb5 dxe4 6. Nxe5 Bd7 7. Nxd7 Qxd7 8. 0-0 a6 9. Bxc6 Qxc6 10. Re1 Bc5 11. b4 Bd4 12. Rb1 0-0 13. Ne2 Bb6 14. Ng3 Rfe8 15. Bb2 Rad8 16. Bxf6 Qxf6 17. Nxe4 Qf4 18. g3 Qf5 19. d3 h6 20. Kg2 Qd5 21. Qf3 Qd7 22. Rbd1 c6 1-0